000 00772nmc a2200289 a 4500
003 AR-BaBNM
005 20251128211621.0
008 175020s2004 ||||||||||||||000 | spa||
020 _a987-21677-1-0
040 _cAR-BaBNM
100 1 _aLasida, Javier
245 1 0 _aEstrategias para acercar a los jóvenes al trabajo
250 _a1º ed.
260 _aBuenos Aires
_bRedetis
_c2004
300 0 _a61 p.
490 0 _aTendencia y debates
_vv. 2
504 _aBibliografía p. 57-61
650 4 _aEDUCACION PARA EL TRABAJO
650 4 _aEMPLEO DE LOS JOVENES
650 4 _aEMPRESAS
650 4 _aPROGRAMAS PARA LA JUVENTUD
651 4 _aAmérica Latina
653 _aMICROEMPRENDIMIENTOS
653 _aPASANTIAS
942 _cBK
998 _cme-solo cat
999 _c20438
_d20438